Intermediate Microeconomics (Record no. 345990)

000 -LEADER
fixed length control field 00512 a2200193 4500
003 - CONTROL NUMBER IDENTIFIER
control field OSt
005 - DATE AND TIME OF LATEST TRANSACTION
control field 20180116182804.0
008 - FIXED-LENGTH DATA ELEMENTS--GENERAL INFORMATION
fixed length control field 170809b xxu||||| |||| 00| 0 eng d
020 ## - INTERNATIONAL STANDARD BOOK NUMBER
International Standard Book Number 0
040 ## - CATALOGING SOURCE
Transcribing agency 0
082 ## - DEWEY DECIMAL CLASSIFICATION NUMBER
Classification number 338.5 VAR 2002
100 ## - MAIN ENTRY--PERSONAL NAME
Personal name Hal R. Varian
245 ## - TITLE STATEMENT
Title Intermediate Microeconomics
Remainder of title A Modern Approach
Statement of responsibility, etc. Hal R. Varian
250 ## - EDITION STATEMENT
Edition statement 6th Ed.
260 ## - PUBLICATION, DISTRIBUTION, ETC.
Place of publication, distribution, etc. India
Name of publisher, distributor, etc. Norton
Date of publication, distribution, etc. 2002
300 ## - PHYSICAL DESCRIPTION
Extent 608+50 Aprox
Other physical details pb
440 ## - SERIES STATEMENT/ADDED ENTRY--TITLE
Title Intermediate Microeconomics
942 ## - ADDED ENTRY ELEMENTS (KOHA)
Institution code [OBSOLETE] NBS
Koha item type Book
Call number prefix 338.5 VAR 2002
Source of classification or shelving scheme
Holdings
Withdrawn status Lost status Damaged status Not for loan Permanent Location Current Location Date acquired Total Checkouts Total Renewals Full call number Barcode Date last seen Date last checked out Price effective from Koha item type
        NUST Law School (NLS) NUST Law School (NLS) 08/28/2013 11 4 338.5 VAR NBS5535 03/14/2025 09/20/2022 08/28/2013 Book
© 2023 Central Library, National University of Sciences and Technology. All Rights Reserved.